| 000 | 00608nam a2200229 a 4500 | ||
|---|---|---|---|
| 001 | BRCA_7411 | ||
| 005 | 20190320205827.0 | ||
| 008 | 230313s1903----gw-a######---#000-0#ger-# | ||
| 041 | _ager | ||
| 044 | _agw | ||
| 050 | 4 |
_aNA204 _b.K56 1903 |
|
| 100 | 1 |
_aKimmich, Karl _918277 |
|
| 245 | 1 | 0 |
_aStill und Stilvergleichung _cKarl Kimmich. |
| 250 | _a4 | ||
| 260 |
_aRavensburg, Alemania _bO. Maier _cc1903 |
||
| 300 |
_aviii, 102 p. _bil. (algunas a color), 33 láminas |
||
| 500 | _aQ146 | ||
| 650 | 1 | 4 |
_aArquitectura _xHistoria _91467 |
| 650 | 1 | 4 |
_aArte _xHistoria _918278 |
| 902 | _aGFM | ||
| 942 |
_2lcc _cB |
||
| 999 |
_c7087 _d7087 |
||